Largest Cities Between 100° and 110° East Longitude - Statistics

General Stats
  • This quiz has been taken 8 times
  • The average score is 15 of 26
Answer Stats
# Population Nat. Coordinates Answer % Correct
2 21,800,000 Thailand 13°45′09″N 100°29′39″E Bangkok
100%
9 7,350,000 Vietnam 21.00°N 105.85°E Hanoi
100%
4 14,300,000 Vietnam 10°46′32″N 106°42′07″E Ho Chi Minh City
100%
1 29,500,000 Indonesia 6°10′30″S 106°49′39″E Jakarta
100%
7 9,550,000 Malaysia 03°08′52″N 101°41′43″E Kuala Lumpur
100%
8 8,000,000 Singapore 1°17′N 103°50′E Singapore
100%
3 18,100,000 China 30°39′36″N 104°03′48″E Chengdu
88%
15 2,925,000 Cambodia 11°34′10″N 104°55′16″E Phnom Penh
88%
5 13,400,000 China 34°15′40″N 108°56′32″E Xī'ān
88%
10 7,000,000 Indonesia 6°54′43″S 107°36′35″E Bandung
75%
6 12,900,000 China 29°33′49″N 106°33′01″E Chóngqìng
75%
26 1,500,000 Vietnam 16°04′10″N 108°12′35″E Da Nang
75%
20 2,075,000 Malaysia 05°24′52″N 100°19′45″E George Town
63%
12 5,550,000 China 22°49′00″N 108°19′39″E Nanning
63%
24 1,610,000 Mongolia 47°55′19″N 106°54′55″E Ulaanbaatar
63%
13 5,300,000 China 26°38′49″N 106°37′48″E Guiyang
50%
11 6,800,000 China 25°02′47″N 102°42′34″E Kunming
50%
23 1,790,000 Indonesia 2°59′10″S 104°45′20″E Palembang
38%
25 1,570,000 Thailand 13°21′40″N 100°59′6″E Chonburi
25%
14 3,575,000 China 36°03′38″N 103°49′36″E Lanzhou
25%
18 2,250,000 China 36°37′21″N 101°46′49″E Xining
25%
19 2,200,000 China 40°37′17″N 109°57′12″E Baotou
13%
17 2,500,000 China 24°19′40″N 109°25′40″E Liuzhou
13%
22 1,800,000 China 31°28′05″N 104°40′44″E Mianyang
13%
16 2,525,000 China 38°29′06″N 106°13′30″E Yinchuan
13%
21 2,025,000 China 27°43′19″N 107°01′52″E Zunyi
0%
No matching quizzes found
Score Distribution
Percent of People with Each Score
Percentile by Number Answered
Your Score History
You have not taken this quiz